000 00831nam a2200241Ia 4500
003 GCL
008 140319s9999 xx 000 0 ara d
040 _aGCL /
_cGCL
082 0 4 _a150
_bه ع
100 1 _aالهيئة المصرية العامة للكتاب
245 1 0 _aعلم النفس: العدد الثالث - الحادى عشر - الثانى والعشرون /
_cالهيئة المصرية العامة للكتاب
490 _aالهيئة العامة للاستعلامات
_v0
650 0 4 _aالاطفال
650 0 4 _aعلم النفس
650 0 4 _aالمخدرات
650 0 4 _aالعلاج النفسى
650 0 4 _aالسلوك
650 0 4 _aالامراض النفسية
650 0 4 _aالدوريات
650 0 4 _aالنمو النفسى
650 0 4 _aالادمان
942 _2ddc
_cBK
999 _c51102
_d51102